Webová stránka pre novú neziskovú organizáciu bakalárska práca

Salvato in:
Dettagli Bibliografici
Autore principale: Baluchová, Zuzana
Ente Autore: Fakulta hospodárskej informatiky EU. Katedra aplikovanej informatiky
Altri autori: Kanáliková, Alžbeta, 1969-
Natura: Libro
Lingua:slovacco
Pubblicazione: Bratislava 2014
Tags: Aggiungi Tag
Nessun Tag, puoi essere il primo ad aggiungerne!!

MARC

LEADER 00000nbm a2200000 4500
001 0191743
005 20170201110821.1
041 0 |a slo 
044 |a SK 
245 1 0 |a Webová stránka pre novú neziskovú organizáciu  |b bakalárska práca  |c Zuzana Baluchová ; školiteľ: Alžbeta Kanáliková 
264 1 |a Bratislava  |c 2014 
300 |a 45 s. 
100 1 |a Baluchová, Zuzana 
700 1 |a Kanáliková, Alžbeta, 1969- 
710 2 |a Fakulta hospodárskej informatiky EU. Katedra aplikovanej informatiky